000 00675nam a22002177a 4500
003 UA-OsUOA
001 53147
007 ta
008 20080319b un ||||| |||| 00| 0 ukr d
100 _aКарпець О.
090 _a94(477)
_bК-12
942 _cSA
040 _aUA-OsUOA
_bukr
_cUA-OsUOA
_dUA-OsUOA
245 _aКарл Маркс: досі непрочитаний геній чи зловісний ідеолог тоталітаризму? До 125-річчя від дня смерті
300 _aС.7
955 _a0
041 _aukr
080 _a94(477)
773 0 _w53146
650 7 _a9 Географія. Біографії. Історія
_2UDC
999 _c339239
_d339239